Statistiques concernant Culture Générale - Série 1465

Cliquez ici pour prendre le quiz!

Statistiques générales

  • Ce quiz a été pris 53 fois
  • Le résultat moyen est 5 sur 10

Statistiques - réponses

QuestionRéponse% Correct
Dans sa chanson "L'Opportuniste", qu'est-ce que Jacques Dutronc retourne "toujours du bon côté" ?sa veste
77%
Combien font 2 puissance 5 ?32
73%
Quel artiste italien a réalisé le croquis appelé "L'Homme de Vitruve", qui étudie les proportions du corps humain ?Léonard de Vinci
69%
Quel était le prénom usuel du peintre impressionniste Manet ?Edouard
67%
Complétez le titre du roman de Balzac de 1831 "La Peau de...chagrin
65%
Comment appelle-t-on le hobby qui consiste à construire des modèles réduits ?modélisme
60%
Quelle spécialité auvergnate est constituée d'une purée de pommes de terre mêlée de tomme fraîche ?aligot
48%
Quel poisson, dont la chair blanche est très estimée au Japon, contient un poison mortel dans ses viscères ?fugu
35%
Quelle est la nationalité du vieux pêcheur, héros du roman “Le Vieil Homme et la mer” d'Ernest Hemingway ?cubaine
13%
Dans la série "Lost, les disparus", quel numéro porte le vol Oceanic Airlines dont Jack est l'un des survivants ?815
4%

Distribution des résultats

Percentile par nombre de réponses

% des personnes avec chaque résultat

Votre développement - résultats

Vous n’avez pas pris ce quiz